000 00807nam a2200277Ia 4500
003 OSt
005 20221005092332.0
006 a|||||r|||| 00| 0
007 ta
008 221004b |||||||| |||| 00| 0 eng d
020 _a9781138918016 (pbk)
_cUKP 43.99
024 _a34204
037 _b008, 15/09/2017, Excel Book International
_cTextual
040 _aCRL
_cCRL
_beng
041 _2eng
_aeng
082 _aKZ, Q7
100 _aArmstrong Susan J. Ed.
_9482538
245 0 _aAnimal ethics reader
250 _a3rd
260 _aNew York
_bRoutledge USA
_c2017
300 _axxx,737p.
_ccm.
650 _a ANIMALS
650 _aANIMAL RIGHTS
_9617158
942 _hKZ, Q7
_cTEXL
_2cc
999 _c998679
_d998679